Normal view
MARC view
- Torres, Elena
Entry Nombre Personal
001 - NUMERO DE CONTROL
- campo de control: 51330
003 - IDENTIFICADOR DE NUMERO DE CONTROL
- campo de control: UPN
005 - FECHA Y HORA DE LA ÜLTIMA TRANSACCIÓN
- campo de control: 20240322090620.0
008 - DATOS DE LONGITUD FIJA
- campo de control de longitud fija: 240308|| aca||aabn | aaa d
040 ## - FUENTE DE CATALOGACIÓN
- Agencia original de catalogación: MX-MxUPN
- Lenguaje de catalogación: spa
- Agencia de transcripción: MX-MxUPN
100 1# - ENCABEZAMIENTO - NOMBRE PERSONAL
- Nombre personal: Torres, Elena
374 ## - OCUPACIÓN
- Occupation: Ilustradora
670 ## - FUENTE EN LA QUE SE LOCALIZARON DATOS
- Cita de la fuente: LC, 08 marzo 2024:
- Información localizada: (Torres, Elena)
- Uniform Resource Identifier: https://lccn.loc.gov/n92007260
670 ## - FUENTE EN LA QUE SE LOCALIZARON DATOS
- Cita de la fuente: Anita dice dónde está, 2006:
- Información localizada: cubierta (Elena Torres)
670 ## - FUENTE EN LA QUE SE LOCALIZARON DATOS
- Cita de la fuente: T
- Información localizada: Enciclopedia de la Juventud
902 ## - CATALOGADOR
- Catalogador: MaríaRobles/080324
902 ## - CATALOGADOR
- Catalogador: MCM/161116
